Statistics for Language to Country

Click here to take the quiz!

General Stats

  • This quiz has been taken 32 times
  • The average score is 92 of 174

Answer Stats

LanuageCountry% Correct
Afrikaans | Xhosa | ZuluSouth Africa
96%
AlbanianAlbania
92%
Basque | Catalan | FrenchFrance
85%
Arabic | Kurdish / KurmanjiIraq
85%
Chinese | HmongChina
81%
UrduIndia
81%
Arabic | Kurdish / Kurmanji | PersianIran
81%
ItalianItaly
81%
ArabicSaudi Arabia
81%
BelarusianBelarus
77%
ArabicEgypt
77%
IrishIreland
77%
ArabicLebanon
77%
Sindhi | UrduPakistan
77%
Basque | SpanishSpain
77%
FinnishFinland
73%
GermanGermany
73%
Hebrew | YiddishIsrael
73%
KoreanNorth Korea
73%
ArabicOman
73%
Cebuano | FilipinoPhilippines
73%
KoreanSouth Korea
73%
ArabicUnited Arab Emirates
73%
ArmenianArmenia
69%
BulgarianBulgaria
69%
CroatianCroatia
69%
GreekGreece
69%
JapaneseJapan
69%
PortuguesePortugal
69%
Arabic | Kurdish / KurmanjiSyria
69%
Arabic | Kurdish / Kurmanji | TurkishTurkey
69%
ArabicYemen
69%
PashtoAfghanistan
65%
AzerbaijaniAzerbaijan
65%
BosnianBosnia & Herzegovina
65%
EstonianEstonia
65%
IcelandicIceland
65%
ArabicJordan
65%
ArabicKuwait
65%
ArabicMorocco
65%
Arabic | HausaNiger
65%
ArabicBahrain
62%
Amharic | SwahiliEthiopia
62%
GeorgianGeorgia
62%
MalteseMalta
62%
NepaliNepal
62%
DutchNetherlands
62%
ArabicQatar
62%
Russian | YiddishRussia
62%
ArabicAlgeria
58%
CatalanAndorra
58%
CzechCzech Republic
58%
DanishDenmark
58%
Indonesian | Malay | MalayalamIndonesia
58%
Kazakh | UyghurKazakhstan
58%
SwahiliKenya
58%
LatvianLatvia
58%
SesothoLesotho
58%
LithuanianLithuania
58%
LuxembourgishLuxembourg
58%
YorúbáNigeria
58%
NorwegianNorway
58%
PolishPoland
58%
Arabic | Somali | SwahiliSomalia
58%
SinhalaSri Lanka
58%
ArabicTunisia
58%
ArabicDjibouti
54%
HungarianHungary
54%
Hmong | LaoLaos
54%
Malay | MalayalamMalaysia
54%
ArabicMauritania
54%
SerbianSerbia
54%
SwedishSweden
54%
Hmong | ThaiThailand
54%
YiddishUnited States of America
54%
Hmong | VietnameseVietnam
54%
KhmerCambodia
50%
Arabic | HausaEritrea
50%
ArabicMali
50%
MongolianMongolia
50%
MacedonianNorth Macedonia
50%
RomanianRomania
50%
SamoanSamoa
50%
SlovenianSlovenia
50%
Arabic | HausaChad
46%
Kyrgyz | UyghurKyrgyzstan
46%
BurmeseMyanmar
46%
SlovakSlovakia
46%
Arabic | HausaSudan
46%
TajikTajikistan
46%
TurkmenTurkmenistan
46%
Uyghur | UzbekUzbekistan
46%
YiddishCanada
42%
Haitian CreoleHaiti
42%
MalagasyMadagascar
42%
Kinyarwanda | SwahiliRwanda
42%
ArabicSouth Sudan
42%
Arabic | SwahiliTanzania
42%
UkrainianUkraine
42%
WelshWales
42%
HausaCameroon
38%
ZuluEswatini / Swaziland
38%
HawaiianHawaii
38%
MaoriNew Zealand
38%
Scots GaelicScotland
38%
ArabicSenegal
38%
SwahiliBurundi
35%
HausaCentral African Republic
35%
ArabicComoros
35%
HausaRepublic of the Congo
35%
HausaBenin
31%
CorsicanCorsica
31%
HausaGhana
31%
Chichewa | ZuluMalawi
31%
CatalanCatalonia
27%
JavaneseJava
27%
HausaBurkina Faso
23%
PunjabiPunjab
23%
TamilTamil Nadu
23%
HausaTogo
23%
WelshEngland
19%
FrisianFriesland
19%
GalicianGalicia
19%
GujaratiGujarat
19%
TeluguAndhra Pradesh
15%
BengaliBengal
15%
MarathiMaharashtra
15%
OdiaOdisha
15%
KannadaKarnataka
12%
HindiMadhya Pradesh
12%
TatarTatarstan
12%
HindiHaryana
8%
HindiJharkhand
8%
HindiRajasthan
8%
HindiUttarakhand
8%
HindiUttar Pradesh
8%
HindiBihar
4%
WelshChubut
4%
UyghurXinjiang Uyghur
4%

Score Distribution

Percentile by Number Answered

Percent of People with Each Score

Your Score History

You have not taken this quiz